Представление документа в формате MARC21

Поле Инд. ПП Название Значение
Тип записи a
Библиографический уровень m
001 Контрольный номер RU/IS/BASE/264549476
005 Дата корректировки 20250522120442.0
008 Кодируемые данные 19980130
040 00 e Правила каталог. Л 980130
084 a Индекс другой классификации/Индекс ББК 84(2=411.2)6-5
090 00 a Полочн. индекс 84(2=411.2)6-5
x Авторский знак К 674
097 00 a 210
100 10 a Автор Корнилов Б. П.
q Полное имя Корнилов Борис Петрович
245 00 a Заглавие Стихотворения и поэмы
250 00 a Основные сведения об издании 2-е изд.
260 00 a Место издания Ленинград
b Издательство Советский писатель
260 a Место издания Москва
c Дата издания 1966
300 00 a Объем 544 с.
336 a Термин вида содержания Текст
337 a Термин типа средства непосредственный
440 00 a Серия Библиотека поэта. Большая серия
650 a Основная рубрика художественная литература
653 00 a Ключевые слова XX век
a Ключевые слова Россия
a Ключевые слова русская литература
655 00 a Жанр/ форма (устаревшее) поэзия
a Жанр/ форма (устаревшее) поэма
a Жанр/ форма (устаревшее) стихотворение
901 t Тип документа m
952 a Тип литературы для КСУ ВШ ЛХИ